The Islamic-Byzantine frontier : interaction and exchange among muslim and christian communities /

محفوظ في:

المؤلف الرئيسي: Eger, A. Asa (مؤلف)

التنسيق: كتاب

اللغة: English

منشور في: London : I. B. Tauris, 2017.

الطبعة: Paperback edition.

سلاسل: Library of Middle East history ; 34.

الموضوعات:

الوسوم: إضافة وسم

لا توجد وسوم, كن أول من يضع وسما على هذه التسجيلة!

رقم الطلب: DS38.6 .E34 2017

LEADER 00964namaa2200265 4500
003 OSt
005 20260105130832.0
008 130303s2017 enk b 001 0 eng d
020 |a 9781784539191 
040 |c ARCE Library 
050 4 |a DS38.6 .E34 2017 
100 1 |a Eger, A. Asa,   |e author  |9 29421 
245 1 4 |a The Islamic-Byzantine frontier :  |b interaction and exchange among muslim and christian communities /  |c A. Asa Eger. 
250 |a Paperback edition. 
264 1 |a London :  |b I. B. Tauris,  |c 2017. 
300 |a xvii, 409 pages ;  |c 23 cm. 
490 1 |a Library of Middle East history ;   |v 34. 
500 |a Originally published (in hardcover) in 2015. 
504 |a Includes bibliographical references and index. 
650 0 |a Islam  |x Relations  |x Christianity  |x History  |y To 1500. 
650 0 |a Religion and international relations  |x History  |y To 1500. 
830 0 |a Library of Middle East history ;   |v 34. 
901 |a reviewed 
942 |c BK  |2 lcc 
999 |c 8943  |d 8943